| 000 | 00542nam a2200205Ia 4500 | ||
|---|---|---|---|
| 003 | OSt | ||
| 005 | 20250124140830.0 | ||
| 008 | 210210b1969 xxu||||| |||| 00| 0 eng d | ||
| 040 | _cAL | ||
| 041 | _aKannada | ||
| 082 | _aK894.3 ANKM | ||
| 100 |
_a KRASHNARAYA (Aa Na) _dಅ ನ ಕೃ _9195130 |
||
| 245 |
_aMannina doni. _bಮಣ್ಣಿನ ದೋಣಿ |
||
| 260 |
_aMaisuru _bPustakalaya _c1969 |
||
| 300 | _a179 | ||
| 650 |
_a KRASHNARAYA (A Na) _9195205 |
||
| 690 |
_aKannada Fiction _9195131 |
||
| 906 | _a035148 | ||
| 942 |
_2ddc _cBK |
||
| 999 |
_c85614 _d85614 |
||